00509nam a2200145Ia 4500008004100000020005500041040000800096082001700104245004700121260000900168264005100177942001300228952010500241999001700346231129s2002||||xx |||||||||||||| ||spa|| a958-9011-64-4  bspa a303.625 G191 0aGambito de torre: dos caras del terrorismo c2002 aFundacion para la Investigación y la Cultura 2ddccBKS 00102ddc4070aBRCbBRCd2009-07-09l0o303.625 G191p7291r2023-11-29 21:14:02t1w2023-11-29yBK c14337d14337